Responses for Show #6616 - Monday, May 27, 2013

Contestants

[<< previous game]

Tobias Harris, a graduate student in political science originally from Lincolnwood, Illinois

Chris O. Cook, a college English teacher from Brooklyn, New York

Mike Lewis, a systems engineer from Bloomington, Minnesota (whose 2-day cash winnings total $62,800)

[next game >>]

Jeopardy! Round responses

WHO ORDERED THE CHINESE FOOD?
QUOTATIONS IN AMERICAN HISTORY
MIDDLE "C"
(Alex: The "C" will be in the exact center position in each correct response.)
STAR TREK
FEDERATION
CLING-ONS
    $200 16
wonton

Chris
    $200 4
the bald eagle

Tobias
    $200 21
an ace

Mike
    $200 1
"Bones" McCoy

Chris
    $200 9
Amateur

Tobias
    $200 24
Glue

Mike
    $400 22
noodle

Mike
    $400 5
Doc Holliday

Chris
    $400 18
a loincloth

Chris
    $400 2
the Borg

Chris
    $400 10
the West Indies

Mike
    $400 25
suction

Mike
    $600 23
water chestnuts

Chris
    $600 6
Gingrich

Chris
    $600 17
(Mike: What is cannelloni?)

manicotti

Mike
Triple Stumper
    $600 3
Uhura

Tobias
    $600 13
(Tobias: What is The Birth Control Federation of America?)
[This response was originally counted as incorrect, but was reversed prior to the interviews.]

Planned Parenthood Federation of America

ChrisTobias
    $600 26
(Alex: Yes, with a minute to go.)

duct tape

Mike
    $800 29
mushrooms

Tobias
    $800 7
The Federalist Papers

Chris
    $800 19
isosceles

Chris
    $800 11
Whoopi Goldberg

Chris
    $800 14
the AFL (American Federation of Labor)

Tobias
    $2,600 27
Velcro

Mike
    $1000 30
hoisin sauce

Tobias
    $1000 8
(Chris: Who is Perry?)

(George) Dewey

ChrisTobias
    $1000 20
a yacht

Chris
    $1000 12
Voyager

Mike
    $1000 15
the UAE (United Arab Emirates)

Tobias
    $1000 28
magnets

Chris

Scores at the first commercial break (after clue 15):

Mike Chris Tobias
$1,400 $2,800 $4,400

Scores at the end of the Jeopardy! Round:

Mike Chris Tobias
$5,200 $6,800 $6,200

Double Jeopardy! Round responses

ON POSTAGE STAMPS
PHILOSOPHY
CHARACTERS IN THE BROADWAY PLAY
"ART", FOR ART'S SAKE
IT'S SECRET, DON'T TELL ANYONE
THE GOLDEN GLOBES: BEST DIRECTOR
(Alex: --you have to identify the Best Director.)
    $400 13
Hemingway

Mike
    $400 4
experience

Chris
    $400 18
Death of a Salesman

Mike
    $400 22
ramparts

Mike
    $400 1
invisible ink

Mike
    $400 11
Martin Scorsese

Tobias
    $800 14
(Robert) Fulton

Mike
    $800 5
universities

Tobias
    $800 19
The Diary of Anne Frank

Mike
    $800 23
the artichoke

Tobias
    $800 2
KGB

Mike
    $800 30
(Ang) Lee

Mike
    $1200 15
(Marquis de) Lafayette

Tobias
    $1,000 6
aestheticism

Tobias
    $1200 10
Amadeus

Mike
    $1200 24
artillery

Chris
    $1200 3
Mary Pickford

Tobias
    $1200 29
Huston

Mike
    $1600 16
(Raoul) Wallenberg

Tobias
    $1600 7
ethics

Mike
    $2,000 20
The Miracle Worker

Mike
    $1600 25
(Mike: What is artisan?)

artisanal

MikeTobias
    $1600 8
Philistines

Mike
    $1600 28
David Fincher

Mike
    $2000 17
Miles Davis

Tobias
    $2000 12
sophist

Triple Stumper
    $2000 21
(Tobias: What is Cat on the Hot Tin Roof?)
(Chris: What is Chicago?)

Cat on a Hot Tin Roof

MikeChrisTobias
    $2000 26
a cartouche

Chris
    $2000 9
Enigma (machine)

Chris
    $2000 27
William Friedkin

Triple Stumper

Scores at the end of the Double Jeopardy! Round:

Mike Chris Tobias
$19,600 $10,400 $14,800

[wagering suggestions for these scores]

Final Jeopardy! Round responses

CLASSIC KID STUFF
ChrisWhat is Fisher Price Radio?
$10,400
TobiasWhat is Radio Flyer?
$14,799
MikeWhat is Radio Flyer?
$10,001
the Radio Flyer

Final scores:

Mike Chris Tobias
$29,601 $0 $29,599
3-day champion: $92,401 3rd place: $1,000 2nd place: $2,000

Game dynamics:

Coryat scores:

Mike Chris Tobias
$17,400 $10,400 $15,000
23 R
(including 2 DDs),
2 W
17 R,
2 W
18 R
(including 1 DD),
1 W

Combined Coryat: $42,800

[game clues] [game scores] [suggest correction]

Game tape date: 2013-01-29
The J! Archive is created by fans, for fans. Scraping, republication, monetization, and malicious use prohibited; this site may use cookies and collect identifying information. See terms. The Jeopardy! game show and all elements thereof, including but not limited to copyright and trademark thereto, are the property of Jeopardy Productions, Inc. and are protected under law. This website is not affiliated with, sponsored by, or operated by Jeopardy Productions, Inc. Join the discussion at JBoard.tv.